| 000 | 02441cam a2200361 i 4500 | ||
|---|---|---|---|
| 001 | 1145910370 | ||
| 003 | OCoLC | ||
| 005 | 20230825094843.0 | ||
| 008 | 200319s2021 ilua b 000 0 eng | ||
| 010 | _a2020011672 | ||
| 020 |
_a9781492590484 _qpaperback |
||
| 040 |
_aDLC _beng _erda _cDLC _dOCLCO _dOCLCF _dUKMGB _dYDX _dUtOrBLW |
||
| 042 | _apcc | ||
| 050 | 0 | 0 |
_aGV361 _b.M65 2021 |
| 082 | 0 | 0 |
_a796.07 _223 |
| 100 | 1 |
_aMitchell, Stephen A., _d1959- _eauthor. _0http://id.loc.gov/authorities/names/n97009841 |
|
| 245 | 1 | 0 |
_aTeaching sport concepts and skills : _ba tactical games approach / _cStephen A. Mitchell, PhD, Judith L. Oslin, PhD, Linda L. Griffin, PhD |
| 250 | _a4th edition | ||
| 264 | 1 |
_aChampaign, IL : _bHuman Kinetics, _c[2021] |
|
| 300 |
_axi, 708 pages : _billustrations ; _c28 cm |
||
| 336 |
_atext _btxt _2rdacontent |
||
| 337 |
_aunmediated _bn _2rdamedia |
||
| 338 |
_avolume _bnc _2rdacarrier |
||
| 504 | _aIncludes bibliographical references | ||
| 520 |
_a"This book is a blend of theory and practical application of the tactical games approach (also described as teaching games for understanding). Focusing on tactical awareness helps students develop problem-solving skills through game play. The tactical approach also allows teachers to individualize instruction for novice, developing, and advanced performers by either reducing or increasing the challenge of the tasks involved. Part I contains a thorough review of tactical games teaching and builds a sound conceptual understanding of the approach. Part II describes how elementary physical education teachers can use a conceptual approach to games teaching. Part III contains sport-specific chapters, including soccer, basketball, lacrosse, rugby, flag football, volleyball, badminton, tennis, softball, cricket, golf, and bowling"-- _cProvided by publisher |
||
| 650 | 0 |
_aSports _xStudy and teaching |
|
| 650 | 0 |
_aCoaching (Athletics) _0http://id.loc.gov/authorities/subjects/sh85027299 |
|
| 655 | 7 |
_aKent State University faculty publications. _2local |
|
| 700 | 1 |
_aOslin, Judith L., _d1950- _eauthor. _0http://id.loc.gov/authorities/names/n97009842 |
|
| 700 | 1 |
_aGriffin, Linda L., _d1954- _eauthor. _0http://id.loc.gov/authorities/names/n97009837 |
|
| 776 | 0 | 8 |
_iOnline version: _aMitchell, Stephen A., 1959- _tTeaching sport concepts and skills _bFourth edition. _dChampaign, IL : Human Kinetics, [2021] _z9781492590910 _w(DLC) 2020011673 |
| 942 |
_2ddc _cMAIN |
||
| 999 |
_c9700 _d9701 |
||